| 000 | 01049nam a2200301 i 4500 | ||
|---|---|---|---|
| 001 | 181447 | ||
| 003 | ES-MaACL | ||
| 005 | 20250919111028.0 | ||
| 008 | 130116s2009 sp | |||||||| | spa d | ||
| 080 | _a1 Croce, Benedetto | ||
| 080 | _a32 Machiavelli, Niccolò | ||
| 080 | _a141.82 | ||
| 080 | _a321.01 | ||
| 100 | 1 |
_aGramsci, Antonio, _d1891-1937 _9241506 |
|
| 245 | 1 | 3 |
_aLa política y el estado moderno / _cGramsci ; [traducción, Jordi Solé Tura]. |
| 260 |
_a[Barcelona] : _bDiario Público, _cD.L. 2009. |
||
| 300 |
_a255 p. ; _c18 cm. |
||
| 490 | 1 | _aBiblioteca pensamiento crítico | |
| 600 | 1 | 4 |
_aCroce, Benedetto, _d1866-1952 _9241508 |
| 600 | 1 | 4 |
_aMachiavelli, Niccolò, _d1469-1527 _975181 |
| 650 | 7 |
_aMaterialismo histórico. _914850 |
|
| 650 | 7 |
_aEstado _2embne _912523 |
|
| 700 | 1 |
_aSolé Tura, Jordi, _d1930-2009 _9107136 |
|
| 830 | 0 |
_aBiblioteca pensamiento crítico _9189844 |
|
| 852 |
_aES-MaACL _jA-12444 _9188348 _bR.145919 _cDEPO1 _dOlim: N-5449 |
||
| 942 |
_2udc _cMONOGRAFIA |
||
| 999 |
_c181447 _d181447 |
||